000 00701nam a2200253Mi 4500
001 85639
005 20230411090044.0
008 000101s1981 xx 000 0 spa d
035 _a(OCoLC)ocn252721814
040 _aGyGoGBV
_erakwb
_bger
_cGBVCP
024 8 _aSPKT136350
035 _a(OCoLC)252721814
049 _aGRAL
100 1 _aCatrain, Pedro.
245 1 0 _aEstado y crisis política :
_brepública Dominicana 1980 /
_cPedro Catrain; José Oviedo.
260 _aSanto Domingo :
_bEd. Alfa & Omega,
_c1981.
300 _a724 p.
700 1 _aOviedo, José.
942 _2lcc
_cbk
994 _aC0
_bDRFGD
650 4 _aCES
650 4 _aCOLECCION ENRIQUILLO SANCHEZ
946 _asadt
999 _c111683
_d111683